000 00482nam a2200181Ia 4500
001 14652
005 20260306164930.0
008 260306t2013||||xx |||||||||||||| ||spa||
041 _aESP
082 _a515.392
_bN544
100 _aNikravesh, Seyed Kamaleddin Yadavar
_eAUT
245 0 _aNonlinear systems stability analysis:
_blyapunov-based approach
260 _c2013
300 _axi, 307 páginas :
_c24 cm.
650 _aGEN
654 _aCMA
942 _cLIB
_dJUS
_fJUS
_2ddc
_n
999 _c14652
_d14652